Startup CEO : (Record no. 20704)
[ view plain ]
| 000 -LEADER | |
|---|---|
| fixed length control field | 02550cam a22003015a 4500 |
| 001 - CONTROL NUMBER | |
| control field | 18098772 |
| 005 - DATE AND TIME OF LATEST TRANSACTION | |
| control field | 20201128021536.0 |
| 008 - FIXED-LENGTH DATA ELEMENTS--GENERAL INFORMATION | |
| fixed length control field | 140401t2013 njua frb 001 0 eng d |
| 020 ## - INTERNATIONAL STANDARD BOOK NUMBER | |
| International Standard Book Number | 9781118548363 (hbk.) |
| 040 ## - CATALOGING SOURCE | |
| Original cataloging agency | DLC |
| Transcribing agency | DLC |
| Language of cataloging | eng |
| Modifying agency | EG-ScBUE |
| 082 04 - DEWEY DECIMAL CLASSIFICATION NUMBER | |
| Edition number | 22 |
| Classification number | 658.4092 |
| Item number | BLU |
| 100 1# - MAIN ENTRY--PERSONAL NAME | |
| Personal name | Blumberg, Matt. |
| 9 (RLIN) | 38846 |
| 245 10 - TITLE STATEMENT | |
| Title | Startup CEO : |
| Remainder of title | a field guide to scaling up your business / |
| Statement of responsibility, etc | Matt Blumberg, Hanny Hindi. |
| 260 ## - PUBLICATION, DISTRIBUTION, ETC. (IMPRINT) | |
| Place of publication, distribution, etc | Hoboken : |
| Name of publisher, distributor, etc | John Wiley & Sons, |
| Date of publication, distribution, etc | c.2013. |
| 300 ## - PHYSICAL DESCRIPTION | |
| Extent | xxiv, 374 p. : |
| Other physical details | ill. ; |
| Dimensions | 24 cm. |
| 490 0# - SERIES STATEMENT | |
| Series statement | Startup revolution |
| 500 ## - GENERAL NOTE | |
| General note | Index : p. 367-372. |
| 504 ## - BIBLIOGRAPHY, ETC. NOTE | |
| Bibliography, etc | Bibliography : p. 361-363.<br/> |
| 505 0# - FORMATTED CONTENTS NOTE | |
| Formatted contents note | Part One: Storytelling -- Dream the possible dream ; Defining and testing the story ; Telling the story to your investors ; Telling the story to your team ; Revising the story ; Bringing the story to life -- Part Two: Building the company's human capital -- Fielding a great team ; The CEO as functional supervisor ; Crafting your company's culture ; The hiring challenge ; Every day in every way, we get a little better ; Compensation ; Promoting ; Rewarding: "It's the little things" that matter ; Managing remote offices and employees ; Firing: when it's not working -- Part Three: Execution -- Creating a company operating system ; Creating your operating plan and setting goals ; Making sure there's enough money in the bank ; The good, the bad and the ugly of financing ; When and how to raise money ; Forecasting and budgeting ; Collecting data ; Managing in tough times ; Meeting routines ; driving alignment ; Have you learned your lesson? ; Going global ; The role of M&A ; Competition ; Failure -- Part Four: Building and leading a board of directors -- The value of a good board ; Building your board ; Board meeting materials ; Running effective board meetings ; Non-board meeting time ; Decision making and the board ; Working with the board on your compensation and review ; Serving on other boards -- Part Five: Managing yourself so you can manage others -- Creating a personal operating system ; Working with an executive assistant ; Working with a coach ; The importance of peer groups ; Staying fresh ; Your family ; Traveling ; Taking stock. |
| 650 #0 - SUBJECT ADDED ENTRY--TOPICAL TERM | |
| Topical term or geographic name as entry element | Chief executive officers. |
| Source of heading or term | BUEsh |
| 650 #7 - SUBJECT ADDED ENTRY--TOPICAL TERM | |
| Topical term or geographic name as entry element | New business enterprises |
| 9 (RLIN) | 33316 |
| General subdivision | Management. |
| Source of heading or term | BUEsh |
| 650 #7 - SUBJECT ADDED ENTRY--TOPICAL TERM | |
| Topical term or geographic name as entry element | Executive ability. |
| Source of heading or term | BUEsh |
| 9 (RLIN) | 11399 |
| 650 #7 - SUBJECT ADDED ENTRY--TOPICAL TERM | |
| Topical term or geographic name as entry element | Small business |
| General subdivision | Management. |
| Source of heading or term | BUEsh |
| 9 (RLIN) | 238 |
| 651 ## - SUBJECT ADDED ENTRY--GEOGRAPHIC NAME | |
| Source of heading or term | BUEsh |
| 653 ## - INDEX TERM--UNCONTROLLED | |
| Resource For college | BAEPS, Business Administration |
| Arrived date list | August2015 |
| -- | December2015 |
| 700 1# - ADDED ENTRY--PERSONAL NAME | |
| Personal name | Hindi, Hanny. |
| 942 ## - ADDED ENTRY ELEMENTS (KOHA) | |
| Source of classification or shelving scheme | Dewey Decimal Classification |
| Withdrawn status | Lost status | Source of classification or shelving scheme | Damaged status | Not for loan | Koha collection | Home library | Current library | Shelving location | Date acquired | Source of acquisition | Cost, normal purchase price | Serial Enumeration / chronology | Total Checkouts | Total Renewals | Full call number | Barcode | Date last seen | Date last borrowed | Cost, replacement price | Koha item type |
|---|---|---|---|---|---|---|---|---|---|---|---|---|---|---|---|---|---|---|---|---|
| Dewey Decimal Classification | Baccah | Central Library | Central Library | First floor | 24/08/2015 | Purchase | 212.00 | 23317 | 1 | 1 | 658.4092 BLU | 000039754 | 15/07/2025 | 10/12/2024 | 265.00 | Book - Borrowing |